000 00716nam a2200217Ia 4500
008 140626s9999 xx 000 0 und d
100 _aWaller, David.
245 2 _aA century of imagery research :
_breflections on Cheeves Perky's contribution to our understanding language and implications for acquiring literacy naturally /
_cDavid Waller ... [et al.].
260 _cc2012.
300 _a125 : 3, page 291
440 _aThe American Journal of Psychology
521 _aPSYCH
650 _aAdvantages.
650 _aCheeves Perky.
650 _aDisadvantages.
650 _aImagery.
650 _aLinguistics.
650 _aLiteracy implications.
650 _aPsychological research.
942 _cSE
999 _c121354
_d121354